Prognózovanie kurzov akcií a charakteristika portfólií
Možnosti určovania kurzov akcií a hodnôt portfólií. Informačná zložitosť kapitálových trhov a informačná náročnosť rozhodovacích procesov pri finančnom investovaní na kapitálových trhoch. Základné vstupné dáta a informácie, z ktorých sa vychádza pri prognózovaní kurzov cenných papierov a hodnôt port...
Saved in:
| Main Author: | |
|---|---|
| Format: | Book Chapter |
| Language: | Slovak |
| Subjects: | |
| Tags: |
No Tags, Be the first to tag this record!
|
MARC
| LEADER | 00000naa a2200000 4500 | ||
|---|---|---|---|
| 001 | r022548 | ||
| 005 | 20230922091241.4 | ||
| 041 | 0 | |a slo | |
| 044 | |a CZ | ||
| 245 | 1 | 0 | |a Prognózovanie kurzov akcií a charakteristika portfólií |c Dušan Marček |
| 520 | |a Možnosti určovania kurzov akcií a hodnôt portfólií. Informačná zložitosť kapitálových trhov a informačná náročnosť rozhodovacích procesov pri finančnom investovaní na kapitálových trhoch. Základné vstupné dáta a informácie, z ktorých sa vychádza pri prognózovaní kurzov cenných papierov a hodnôt portfólií. Základné prístupy a metódy, ktoré sa používajú pri predikciách kurzov akcií a hodnôt portfólií. Možnosti počítačového spracovania s využitím dát, ktoré poskytujú burzové spravodajstvá. | ||
| 610 | 2 | 0 | |a akcie |
| 610 | 2 | 0 | |a portfólio |
| 610 | 2 | 0 | |a papiere cenné |
| 610 | 2 | 0 | |a trh kapitálový |
| 610 | 2 | 0 | |a procesy rozhodovacie |
| 610 | 2 | 0 | |a informácie |
| 610 | 2 | 0 | |a využitie počítačov |
| 610 | 2 | 0 | |a prognózovanie |
| 610 | 2 | 0 | |a ceny |
| 610 | 2 | 0 | |a analýza regresná |
| 610 | 2 | 0 | |a modely |
| 100 | 1 | |a Marček, Dušan | |